MyGZULibrary

Zimbabwe's guerrilla war : (Record no. 7161)

MARC details
000 -LEADER
fixed length control field 01538cam a2200361 a 4500
001 - CONTROL NUMBER
control field 2471438
003 - CONTROL NUMBER IDENTIFIER
control field GZU
005 - DATE AND TIME OF LATEST TRANSACTION
control field 20210505115640.0
008 - FIXED-LENGTH DATA ELEMENTS--GENERAL INFORMATION
fixed length control field 900731s1992 enkb b 001 0 eng
010 ## - LIBRARY OF CONGRESS CONTROL NUMBER
LC control number 90045311
020 ## - INTERNATIONAL STANDARD BOOK NUMBER
International Standard Book Number 0521392543
040 ## - CATALOGING SOURCE
Original cataloging agency DLC
Transcribing agency DLC
Modifying agency DLC
043 ## - GEOGRAPHIC AREA CODE
Geographic area code f-rh---
050 00 - LIBRARY OF CONGRESS CALL NUMBER
Classification number DT2988
Item number KRI 1992
082 00 - DEWEY DECIMAL CLASSIFICATION NUMBER
Classification number 968.91/04
Edition number 20
100 1# - MAIN ENTRY--PERSONAL NAME
Personal name Kriger, Norma J.
245 10 - TITLE STATEMENT
Title Zimbabwe's guerrilla war :
Remainder of title peasant voices /
Statement of responsibility, etc. Norma J. Kriger.
260 ## - PUBLICATION, DISTRIBUTION, ETC.
Place of publication, distribution, etc. Cambridge ;
-- New York :
Name of publisher, distributor, etc. Cambridge University Press,
Date of publication, distribution, etc. 1992.
300 ## - PHYSICAL DESCRIPTION
Extent x, 303 p. :
Other physical details maps ;
Dimensions 23 cm.
440 #0 - SERIES STATEMENT/ADDED ENTRY--TITLE
Title African studies series ;
Volume/sequential designation 70
504 ## - BIBLIOGRAPHY, ETC. NOTE
Bibliography, etc. note Includes bibliographical references (p. 277-295) and index.
610 20 - SUBJECT ADDED ENTRY--CORPORATE NAME
Corporate name or jurisdiction name as entry element Zimbabwe African National Union
General subdivision Public opinion
-- History
Chronological subdivision 20th century.
650 #0 - SUBJECT ADDED ENTRY--TOPICAL TERM
Topical term or geographic name entry element Peasants
Geographic subdivision Zimbabwe.
650 #0 - SUBJECT ADDED ENTRY--TOPICAL TERM
Topical term or geographic name entry element Guerrillas
Geographic subdivision Zimbabwe
General subdivision History
Chronological subdivision 20th century.
650 #0 - SUBJECT ADDED ENTRY--TOPICAL TERM
Topical term or geographic name entry element Peasants
Geographic subdivision Zimbabwe
General subdivision Attitudes
-- History
Chronological subdivision 20th century.
650 #0 - SUBJECT ADDED ENTRY--TOPICAL TERM
Topical term or geographic name entry element Public opinion
Geographic subdivision Zimbabwe
General subdivision History
Chronological subdivision 20th century.
651 #0 - SUBJECT ADDED ENTRY--GEOGRAPHIC NAME
Geographic name Zimbabwe
General subdivision History
Chronological subdivision Chimurenga War, 1966-1980
General subdivision Public opinion.
856 42 - ELECTRONIC LOCATION AND ACCESS
Materials specified Publisher description
Uniform Resource Identifier <a href="http://www.loc.gov/catdir/enhancements/fy0834/90045311-d.html">http://www.loc.gov/catdir/enhancements/fy0834/90045311-d.html</a>
856 41 - ELECTRONIC LOCATION AND ACCESS
Materials specified Table of contents only
Uniform Resource Identifier <a href="http://www.loc.gov/catdir/enhancements/fy0838/90045311-t.html">http://www.loc.gov/catdir/enhancements/fy0838/90045311-t.html</a>
906 ## - LOCAL DATA ELEMENT F, LDF (RLIN)
a 7
b cbc
c orignew
d 1
e ocip
f 19
g y-gencatlg
942 ## - ADDED ENTRY ELEMENTS (KOHA)
Koha item type Books
Classification part DT
Item part 2988 KRI 1992
Call number prefix author
Holdings
Withdrawn status Lost status Source of classification or shelving scheme Damaged status Not for loan Collection code Home library Current library Shelving location Date acquired Total Checkouts Full call number Barcode Date last seen Copy number Price effective from Koha item type
    Library of Congress Classification     Non-fiction Mashava Campus Library Mashava Campus Library General Stacks 05/05/2021   DT2988 KRI 1992 B016420 05/05/2021 c . 1 05/05/2021 Books